000 00815cam a2200253 a 4500
001 1617849
005 20240222012703.0
008 951204s1996 cauab b s001 0 eng
020 _a8170366305.
020 _a0520206428 (pbk. : alk. paper)
040 _aDLC
_cDLC
_dDLC
082 0 0 _a322.4.
_220
_bLev.
100 1 _aTambiah, Jeyaraja Stanley.
245 1 0 _aLeveling crowds :
_bethnonationalist conflicts and collective violence in South Asia /
_cStanley J. Tambiah.
260 _aBerkeley :
_bUniversity of California Press,
_c 1996.
300 _ax, 395 p .,
650 0 _aRiots
650 0 _aCrowds
650 0 _aCommunalism
650 0 _aViolence
856 4 2 _uhttp://www.loc.gov/catdir/bios/ucal051/95048114.html
856 4 2 _uhttp://www.loc.gov/catdir/description/ucal041/95048114.html
942 _cL
999 _c471
_d471